| 000 | 00584nam a2200205Ia 4500 | ||
|---|---|---|---|
| 008 | 220216s9999 xx 000 0 und d | ||
| 100 | _aMorchen M | ||
| 245 | 0 | _aAbundance and length polymorphism of microsatellite repeats in Beta vulgaris L | |
| 260 |
_bTheoretical and Applied Genetics _c1996 |
||
| 300 | _a326-33 | ||
| 650 | _aBeet | ||
| 650 | _aMicrosatellite sequence-tagged sites | ||
| 650 | _aSimple sequence length polymorphism | ||
| 650 | _aVNTR | ||
| 700 | _aCugen J | ||
| 700 | _aHanni C | ||
| 700 | _aMichaelis G | ||
| 700 | _aSaumitou-Laprade P | ||
| 942 | _cJS | ||
| 999 |
_c53717 _d53717 |
||